<A> test of the general validity of the Heckscher-Ohlin theorem for trade in the European community

Salvato in:
Dettagli Bibliografici
Autore principale: Hakura, Dalia
Natura: Libro
Lingua:inglese
Pubblicazione: Washington IMF 1999
Serie:IMF working paper W/99/70
Soggetti:
Tags: Aggiungi Tag
Nessun Tag, puoi essere il primo ad aggiungerne!!

MARC

LEADER 00000nam a2200000 4500
001 c116213
005 20221221083753.0
041 0 |a eng 
044 |a US 
245 1 0 |a <A> test of the general validity of the Heckscher-Ohlin theorem for trade in the European community  |c Prepared by Dalia Hakura 
264 1 |a Washington  |b IMF  |c 1999 
300 |a 35 s. 
490 1 |a IMF working paper  |v W/99/70 
830 0 |a IMF working paper  |v W/99/70 
610 2 0 |a technológia 
610 2 0 |a technológie nové 
610 2 0 |a teória obchodu 
610 2 0 |a Európske spoločenstvá 
610 2 0 |a modelovanie 
610 2 0 |a modely obchodu zahraničného 
100 1 |a Hakura, Dalia